000 00507 a2200169 4500
003 NUST
005 20251022115024.0
040 _cNust
082 _a621.382,SHA
100 _aShaheen, NC Sabahat (TE-42)
_9131405
245 _aDesign and implementation of an optical loop tester /
_cNC Sabahat Shaheen, NC Madeeha Sattar, NC Saira Riaz and Mehreen Tahir (TE-42)
260 _aRawalpindi
_bMCS
_c2009
300 _a79 p.;
650 _aUG Projects
_998716
651 _aTE-42
_9131406
942 _2ddc
_cPR
999 _c180793
_d180793